Бетатрон на 25 Мэв; Известия вузов. Физика; № 1

Dades bibliogràfiques
Parent link:Известия вузов. Физика/ Министерство общего и профессионального образования Российской Федерации ; Томский Госуниверситет.— , 1958-
№ 1.— 1957.— С. 57-61
Autor principal: Воробьев А. А. Александр Акимович
Altres autors: Горбунов В. И. Владимир Иванович, Титов В. Н. Вадим Никонович
Idioma:rus
Publicat: 1957
Matèries:
Format: MixedMaterials Capítol de llibre
KOHA link:https://koha.lib.tpu.ru/cgi-bin/koha/opac-detail.pl?biblionumber=420363

MARC

LEADER 00000naa2a2200000 4500
001 420363
005 20241224134209.0
035 |a (RuTPU)RU\TPU\prd\77882 
035 |a RU\TPU\tpu\4134 
090 |a 420363 
100 |a 20100306d1957 k||y0rusy50 ca 
101 0 |a rus 
102 |a RU 
200 1 |a Бетатрон на 25 Мэв  |f А. А. Воробьев, В. И. Горбунов, В. Н. Титов 
461 0 |0 (RuTPU)RU\TPU\prd\191  |t Известия вузов. Физика  |f Министерство общего и профессионального образования Российской Федерации ; Томский Госуниверситет  |d 1958- 
463 0 |0 (RuTPU)RU\TPU\prd\17860  |t № 1  |v С. 57-61  |d 1957 
610 1 |a электричество 
610 1 |a труды учёных ТПУ 
610 1 |a диэлектрики 
610 1 |a пробой 
700 1 |a Воробьев  |b А. А.  |c российский физик  |c ректор Томского политехнического института, профессор  |f 1909-1981  |g Александр Акимович  |3 (RuTPU)RU\TPU\pers\12805  |4 070 
701 1 |a Горбунов  |b В. И.  |c российский ученый, физик  |c Заслуженный профессор Томского политехнического университета  |f 1929-2008  |g Владимир Иванович  |3 (RuTPU)RU\TPU\pers\19778  |4 070 
701 1 |a Титов  |b В. Н.  |c российский физик  |c организатор и создатель физико-технического факультета Томского политехнического института  |f 1909-1965  |g Вадим Никонович  |3 (RuTPU)RU\TPU\pers\12444  |4 070 
801 0 |a RU  |b 63413507  |c 20011210  |g PSBO 
801 2 |a RU  |b 63413507  |c 20130326  |g PSBO 
942 |c BK